[Event "22nd Hogeschool Zeeland 2018"]
[Site "Vlissingen"]
[Date "2018.08.05"]
[Round "3"]
[White "Elgersma, Onno"]
[Black "Timmermans, Mark"]
[Result "1/2-1/2"]
[WhiteElo "2171"]
[BlackElo "2383"]
[Annotator "NA"]
[PlyCount "42"]
[EventDate "2018.08.04"]
[EventType "swiss"]
[EventCountry "NED"]
[SourceTitle "playchess.com"]
[Source "ChessBase"]
[SourceQuality "1"]
[TimeControl "40/5400+30:1800+30"]

1. e4 {[%emt 0:00:00]} e5 {[%emt 0:00:00]} 2. Nf3 {[%emt 0:00:00]} Nc6 {[%emt 0:00:00]} 3. d4 {[%emt 0:00:11]} exd4 {[%emt 0:00:00]} 4. Nxd4 {[%emt 0:00:05]} Nf6 {[%emt 0:00:03]} 5. Nxc6 {[%emt 0:00:17]} bxc6 {[%emt 0:00:06]} 6. e5 {[%emt 0:00:06]} Qe7 {[%emt 0:00:18]} 7. Qe2 {[%emt 0:00:04]} Nd5 {[%emt 0:00:03]} 8. h4 {[%emt 0:00:56]} f6 {[%emt 0:03:08]} 9. c4 {[%emt 0:01:01]} Ba6 {[%emt 0:00:30]} 10. Rh3 {[%emt 0:01:52]} fxe5 {[%emt 0:03:13]} 11. Bg5 {[%emt 0:02:09]} Nf6 {[%emt 0:00:54]} 12. Re3 {[%emt 0:06:38]} O-O-O {[%emt 0:00:21]} 13. Nd2 {[%emt 0:07:39]} Qf7 {[%emt 0:04:52]} 14. O-O-O {[%emt 0:06:36]} h6 {[%emt 0:02:05]} 15. Bxf6 {[%emt 0:14:18]} gxf6 {[%emt 0:00:45]} 16. Rf3 {[%emt 0:01:04]} Qe6 {[%emt 0:22:19]} 17. Qe3 {[%emt 0:04:11]} c5 {[%emt 0:00:11]} 18. Ne4 {[%emt 0:13:31]} h5 {[%emt 0:00:40]} 19. Kb1 {[%emt 0:06:28]} Bb7 {[%emt 0:04:38]} 20. Rxf6 {[%emt 0:03:16]} Qg4 {[%emt 0:00:07]} 21. f3 {[%emt 0:05:05]} Bxe4+ {[%emt 0:12:29]} 1/2-1/2

[Event "22nd Hogeschool Zeeland 2018"]
[Site "Vlissingen"]
[Date "2018.08.05"]
[Round "3"]
[White "Mesman, Edwyn"]
[Black "Grooten, Herman"]
[Result "1/2-1/2"]
[WhiteElo "2154"]
[BlackElo "2374"]
[Annotator "ChessBase"]
[PlyCount "73"]
[EventDate "2018.08.04"]
[EventType "swiss"]
[EventCountry "NED"]
[SourceTitle "playchess.com"]
[Source "ChessBase"]
[SourceQuality "1"]
[TimeControl "40/5400+30:1800+30"]

1. d4 {[%emt 0:05:07]} c5 {[%emt 0:01:25]} 2. d5 {[%emt 0:00:31]} e5 {[%emt 0:00:08]} 3. e4 {[%emt 0:02:14]} d6 {[%emt 0:00:14]} 4. c4 {[%emt 0:00:35]} Be7 {[%emt 0:00:50]} 5. Nf3 {[%emt 0:01:00]} Bg4 {[%emt 0:01:38]} 6. Be2 {[%emt 0:07:27]} Na6 {[%emt 0:07:13]} 7. Nxe5 {[%emt 0:11:42]} Bxe2 {[%emt 0:10:56]} 8. Qa4+ {[%emt 0:01:01]} Kf8 {[%emt 0:00:09]} 9. Nd7+ {[%emt 0:00:39]} Qxd7 {[%emt 0:08:29]} 10. Qxd7 {[%emt 0:00:29]} Bxc4 {[%emt 0:01:42]} 11. Na3 {[%emt 0:18:57]} Bd3 {[%emt 0:00:10]} 12. Qxb7 {[%emt 0:04:11]} Re8 {[%emt 0:00:45]} 13. f3 {[%emt 0:09:36]} f5 {[%emt 0:02:19]} 14. e5 {[%emt 0:07:38]} dxe5 {[%emt 0:01:23]} 15. d6 {[%emt 0:01:07]} Bd8 {[%emt 0:02:53]} 16. Be3 {[%emt 0:04:28]} Ba5+ {[%emt 0:01:28]} 17. Bd2 {[%emt 0:00:56]} Bb6 {[%emt 0:01:24]} 18. Qd5 {[%emt 0:03:16]} e4 {[%emt 0:00:51]} 19. d7 {[%emt 0:00:52]} Rd8 {[%emt 0:00:34]} 20. Qxf5+ {[%emt 0:06:30]} Nf6 {[%emt 0:00:29]} 21. Bc3 {[%emt 0:00:16]} Ke7 {[%emt 0:01:11]} 22. O-O-O {[%emt 0:03:17]} Nb4 {[%emt 0:12:05]} 23. Bxb4 {[%emt 0:00:41]} cxb4 {[%emt 0:00:16]} 24. Rxd3 {[%emt 0:00:11]} exd3 {[%emt 0:00:35]} 25. Re1+ {[%emt 0:00:18]} Kf7 {[%emt 0:01:23]} 26. Qe6+ {[%emt 0:02:22]} Kg6 {[%emt 0:00:49]} 27. Kd2 {[%emt 0:00:08]} bxa3 {[%emt 0:00:45]} 28. Re4 {[%emt 0:04:02]} h5 {[%emt 0:03:41]} 29. g4 {[%emt 0:00:52]} Kh6 {[%emt 0:10:35]} 30. Re5 {[%emt 0:02:41]} hxg4 {[%emt 0:01:24]} 31. fxg4 {[%emt 0:00:07]} Bc7 {[%emt 0:05:14]} 32. g5+ {[%emt 0:00:45]} Kh7 {[%emt 0:04:49]} 33. Qf5+ {[%emt 0:00:50]} Kg8 {[%emt 0:01:34]} 34. Qe6+ {[%emt 0:00:08]} Kh7 {[%emt 0:00:30]} 35. Qf5+ {[%emt 0:00:59]} Kg8 {[%emt 0:00:09]} 36. Qe6+ {[%emt 0:00:05]} Kh7 {[%emt 0:00:15]} 37. Qf5+ {[%emt 0:00:05]} 1/2-1/2

[Event "22nd Hogeschool Zeeland 2018"]
[Site "Vlissingen"]
[Date "2018.08.05"]
[Round "3"]
[White "IJzermans, Cees"]
[Black "Haast, Mark"]
[Result "1/2-1/2"]
[WhiteElo "2142"]
[BlackElo "2350"]
[Annotator "NA"]
[PlyCount "85"]
[EventDate "2018.08.04"]
[EventType "swiss"]
[EventCountry "NED"]
[SourceTitle "playchess.com"]
[Source "ChessBase"]
[SourceQuality "1"]
[TimeControl "40/5400+30:1800+30"]

1. d4 {[%emt 0:03:52]} Nf6 {[%emt 0:00:06]} 2. c4 {[%emt 0:00:09]} e6 {[%emt 0:00:12]} 3. Nf3 {[%emt 0:00:34]} Bb4+ {[%emt 0:09:47]} 4. Nbd2 {[%emt 0:00:56]} d6 {[%emt 0:02:08]} 5. a3 {[%emt 0:03:24]} Bxd2+ {[%emt 0:00:09]} 6. Qxd2 {[%emt 0:00:07]} O-O {[%emt 0:04:28]} 7. g4 {[%emt 0:04:33]} Nc6 {[%emt 0:06:01]} 8. g5 {[%emt 0:04:55]} Nd7 {[%emt 0:01:54]} 9. b4 {[%emt 0:03:35]} e5 {[%emt 0:01:37]} 10. Bb2 {[%emt 0:00:15]} Nxd4 {[%emt 0:01:31]} 11. Nxd4 {[%emt 0:02:05]} exd4 {[%emt 0:00:05]} 12. Bxd4 {[%emt 0:00:06]} a5 {[%emt 0:02:53]} 13. b5 {[%emt 0:00:18]} Qe7 {[%emt 0:15:08]} 14. f4 {[%emt 0:09:09]} f5 {[%emt 0:05:27]} 15. Bg2 {[%emt 0:03:08]} Nc5 {[%emt 0:02:04]} 16. Bxc5 {[%emt 0:03:23]} dxc5 {[%emt 0:00:11]} 17. Rd1 {[%emt 0:01:02]} Be6 {[%emt 0:20:06]} 18. Bxb7 {[%emt 0:00:48]} Rad8 {[%emt 0:00:05]} 19. Bd5 {[%emt 0:00:18]} Bxd5 {[%emt 0:00:03]} 20. cxd5 {[%emt 0:00:06]} Rfe8 {[%emt 0:00:20]} 21. O-O {[%emt 0:03:10]} Qxe2 {[%emt 0:00:05]} 22. Qxe2 {[%emt 0:01:19]} Rxe2 {[%emt 0:00:05]} 23. Rf2 {[%emt 0:00:05]} Re4 {[%emt 0:01:45]} 24. Rc2 {[%emt 0:00:58]} c4 {[%emt 0:00:05]} 25. Rdc1 {[%emt 0:06:32]} Rxd5 {[%emt 0:00:13]} 26. Rxc4 {[%emt 0:00:06]} Rxc4 {[%emt 0:00:18]} 27. Rxc4 {[%emt 0:00:02]} Rxb5 {[%emt 0:00:06]} 28. Rxc7 {[%emt 0:00:05]} Rb3 {[%emt 0:02:29]} 29. Rc5 {[%emt 0:02:06]} Rxa3 {[%emt 0:00:07]} 30. Rxf5 {[%emt 0:00:05]} Ra2 {[%emt 0:00:47]} 31. Rb5 {[%emt 0:00:22]} g6 {[%emt 0:00:08]} 32. Rb8+ {[%emt 0:00:24]} Kf7 {[%emt 0:00:08]} 33. Rb7+ {[%emt 0:00:05]} Ke6 {[%emt 0:01:06]} 34. Rxh7 {[%emt 0:00:41]} Kf5 {[%emt 0:00:06]} 35. Rf7+ {[%emt 0:00:07]} Kg4 {[%emt 0:00:14]} 36. h3+ {[%emt 0:02:16]} Kg3 {[%emt 0:01:05]} 37. Kf1 {[%emt 0:00:05]} Rf2+ {[%emt 0:03:14]} 38. Ke1 {[%emt 0:00:16]} Rxf4 {[%emt 0:00:09]} 39. Rf6 {[%emt 0:00:22]} Re4+ {[%emt 0:03:50]} 40. Kd2 {[%emt 0:00:15]} Kxh3 {[%emt 0:00:08]} 41. Rxg6 {[%emt 0:30:05]} Kg4 {[%emt 0:30:10]} 42. Ra6 {[%emt 0:00:14]} Kxg5 {[%emt 0:00:06]} 43. Rxa5+ {[%emt 0:00:07]} 1/2-1/2

[Event "22nd Hogeschool Zeeland 2018"]
[Site "Vlissingen"]
[Date "2018.08.06"]
[Round "4"]
[White "Mareco, Sandro"]
[Black "Beerdsen, Thomas"]
[Result "1-0"]
[WhiteElo "2643"]
[BlackElo "2469"]
[Annotator "TA"]
[PlyCount "59"]
[EventDate "2018.08.04"]
[EventType "swiss"]
[EventCountry "NED"]
[SourceTitle "playchess.com"]
[Source "ChessBase"]
[SourceQuality "1"]

{[%evp 18,59,31,16,45,42,32,0,29,20,23,21,37,-35,34,-18,-26,-37,0,-35,37,0,0,-7,0,0,0,0,27,28,22,23,24,21,117,110,120,114,316,303,796,0,782,786]} 1. Nf3 Nf6 2. c4 e6 3. g3 d5 4. Bg2 Be7 5. O-O O-O 6. b3 c6 7. e3 {A14: Reti-Eröffnung} (7. Bb2 b6 8. e3 b5 9. d3 a5 10. a3 Ba6 11. Nbd2 Nbd7 12. Qc2 Bd6 13. e4 Be7 14. Rfd1 Rc8 15. e5 Ne8 {½-½ (82) Edouard,R (2607)-Lenic,L (2650) Heraklio 2017}) 7... Nbd7 8. Bb2 b6 9. Nc3 Bb7 10. Qe2 {LiveBook: 12 Partien} e5 11. d4 $146 ({Vorgänger:} 11. d3 Re8 12. Rac1 Bb4 13. cxd5 Nxd5 14. Nb1 Rc8 15. Qc2 Ba6 16. Rfd1 Bd6 17. a3 {½-½ (39) Hagen,A (2290)-Jorgensen,B (2239) Valby 2011}) 11... e4 12. Nh4 Re8 13. f3 {[%cal Rf3e4]} exf3 14. Qxf3 Bb4 15. Nd1 (15. Qf4 $14) 15... Rb8 (15... b5 $15) 16. g4 ({Besser ist} 16. Qf4 $14) 16... h6 $11 17. Nf5 Bf8 18. Nf2 c5 (18... g6 $15 19. Ng3 Nh7) 19. Rad1 g6 20. Ng3 {[%cal Rc4d5]} cxd4 21. Bxd4 Qe7 $1 {zielt auf ...dxc4 ab.} 22. cxd5 Nxd5 {Und weiter mit ...Sc3! wäre nett.} 23. Nfe4 Bg7 $1 24. Bxg7 Kxg7 25. Nd6 $36 {[%mdl 2048] Weiss kämpft um Vorteil.} Qxd6 (25... Ne5 $1 $11 {bleibt in der Remisbreite.} 26. Nxe8+ Rxe8) 26. Qxf7+ $16 Kh8 {...Se5 ist eine echte Drohung.} 27. Bxd5 Ne5 $2 {[#]} (27... Rf8 $16 {war angesagt.} 28. Ne4 Rxf7 29. Nxd6 Rxf1+ 30. Kxf1 Ba6+ 31. Kg2 Ne5) 28. Qf4 $1 $18 {[%cal Rf4h6]} Bxd5 $2 (28... g5 29. Qe4 Qd7 30. Bxb7 Qxb7) 29. Qxh6+ Kg8 {[#] Weiss muss nun ...De6 beachten.} 30. Nh5 $1 {[%mdl 512] Precision: Weiß = 45%, Schwarz = 33%.} 1-0

[Event "22nd Hogeschool Zeeland 2018"]
[Site "Vlissingen"]
[Date "2018.08.06"]
[Round "4"]
[White "Van Foreest, Jorden"]
[Black "Viani Antonio Dcunha"]
[Result "0-1"]
[WhiteElo "2636"]
[BlackElo "2414"]
[Annotator "TA"]
[PlyCount "132"]
[EventDate "2018.08.04"]
[EventType "swiss"]
[EventCountry "NED"]
[SourceTitle "playchess.com"]
[Source "ChessBase"]
[SourceQuality "1"]

{[%evp 21,132,33,52,27,57,45,45,45,45,42,56,46,45,45,47,20,8,8,90,0,0,-47,0,0,0,0,0,-43,-36,-36,-48,-36,-7,-70,-12,-85,-93,-87,-89,-197,-191,-197,-195,-190,-194,-191,-196,-196,-191,-195,-196,-196,-195,-191,-195,-191,-187,-191,-190,-189,-196,-210,-210,-218,-218,-218,-218,-210,-203,-210,-207,-214,-203,-203,-203,-203,-203,-203,-203,-203,-203,-203,-203,-203,-203,-203,-203,-203,-196,-196,-196,-196,-190,-192,-156,-158,-156,-155,-121,-156,-156,-266,-277,-401,-401,-357,-337,-29965,-29966,-29966,-29960,-29996,-62]} 1. e4 e5 2. Nf3 Nc6 3. Bb5 a6 4. Ba4 Nf6 5. O-O b5 6. Bb3 Be7 7. d4 d6 8. dxe5 Nxe5 {C84: Closed Ruy Lopez: Unusual White 6th moves} 9. Nxe5 dxe5 10. Qxd8+ Bxd8 11. a4 (11. Be3 Bb7 12. f3 Be7 13. c4 Nd7 14. Rc1 c6 15. Nd2 O-O 16. Bd1 {½-½ (43) Scherer,R (2589)-Telepnev,I (2505) ICCF email 2013}) 11... Bb7 {LiveBook: 8 Games} 12. f3 O-O 13. Be3 Be7 14. Nc3 {[%cal Bb1c3,Bc3d1,Bd1e3,Be3g4][%mdl 32]} b4 15. Nd1 Nd7 $146 ({Predecessor:} 15... a5 16. Nf2 Rfd8 17. Nd3 Bd6 18. Rad1 Nd7 19. Rf2 Bc6 {½-½ (19) Machan,J (2144)-Smutny,J (2170) Czechia 2014}) 16. Bf2 a5 17. Ne3 Bc5 18. Rad1 Rfd8 19. Ng4 Ba6 (19... Bd6 $11 {keeps the balance.}) 20. Bxc5 (20. Bd5 $16 Rac8 21. Bxc5 Bxf1 22. Be7) 20... Nxc5 $11 21. Rxd8+ Rxd8 22. Rc1 Nxb3 23. cxb3 {[%mdl 4096] Endgame KRB-KRN} f6 24. Rxc7 Rd1+ 25. Kf2 Rd2+ 26. Kg3 Rxb2 27. Ra7 (27. Ne3 $11) 27... Bd3 $15 28. Ne3 (28. Nf2 $11 Bf1 29. Rxa5) 28... Rxb3 $17 29. Nf5 Bxe4 $1 30. Nxg7 (30. Nd6 $17 Bd5 31. Rxa5) 30... Bg6 $1 $19 31. Ne6 Rc3 32. Rxa5 b3 {And now ...b2 would win.} 33. Rb5 {[#]} Rc8 $1 34. Rxb3 Kf7 35. Rb6 Bf5 36. Nf4 Rg8+ 37. Kf2 exf4 {KRB-KR} 38. Rb4 Ra8 39. Rxf4 Bd7 40. Rd4 Bxa4 41. h3 Bb5 42. Rb4 Ra2+ 43. Kg1 Bd3 44. Rd4 Ra3 45. Rb4 Kg6 46. Kh2 Rc3 47. Rd4 Kf5 48. Kg3 Ke5 49. Rd7 Ke6 50. Rd8 Ba6 51. Rb8 {next Rb6+ is good for White.} Ra3 52. Rb2 Bc4 53. Rc2 Bd3 54. Rc6+ Ke5 55. Rc5+ Kd4 56. Rc6 Ra6 57. Rc7 Ra2 58. Rd7+ Kc3 59. Rc7+ Kb4 60. Rf7 Kc5 61. Kh2 (61. h4 $17 {was necessary.}) 61... Bf1 62. Kg1 (62. Kg3 {was worth a try.}) 62... Bxg2 63. Rxf6 {[#]} Kd4 $1 ({Not} 63... Bxh3 64. Rh6 $15) 64. Rh6 $2 (64. Kh2 $19) 64... Bxf3 {Black mates.} 65. Rxh7 Ke3 66. Rg7 Ra1+ {Precision: White = 45%, Black = 81%.} 0-1

[Event "22nd Hogeschool Zeeland 2018"]
[Site "Vlissingen"]
[Date "2018.08.06"]
[Round "4"]
[White "Ikonnikov, Vyacheslav"]
[Black "Schoppen, Casper"]
[Result "1-0"]
[WhiteElo "2546"]
[BlackElo "2395"]
[Annotator "RC"]
[PlyCount "99"]
[EventDate "2018.08.04"]
[EventType "swiss"]
[EventCountry "NED"]
[SourceTitle "playchess.com"]
[Source "ChessBase"]
[SourceQuality "1"]
[TimeControl "40/5400+30:1800+30"]

1. d4 {[%emt 0:00:00]} Nf6 {[%emt 0:00:00]} 2. Nf3 {[%emt 0:00:00]} e6 {[%emt 0:00:06]} 3. c4 {[%emt 0:00:13]} b6 {[%emt 0:00:07]} 4. Nc3 {[%emt 0:00:48]} Bb4 {[%emt 0:00:16]} 5. e3 {[%emt 0:00:24]} Bb7 {[%emt 0:01:00]} 6. Bd3 {[%emt 0:00:18]} O-O {[%emt 0:00:31]} 7. O-O {[%emt 0:00:42]} Bxc3 {[%emt 0:07:23]} 8. bxc3 {[%emt 0:00:10]} Be4 {[%emt 0:00:43]} 9. Be2 {[%emt 0:05:59]} c5 {[%emt 0:00:10]} 10. Ne1 {[%emt 0:01:22]} Bb7 {[%emt 0:08:15]} 11. f3 {[%emt 0:05:55]} d6 {[%emt 0:00:57]} 12. Nc2 {[%emt 0:19:28]} Nc6 {[%emt 0:04:34]} 13. e4 {[%emt 0:10:09]} h6 {[%emt 0:11:04]} 14. d5 {[%emt 0:02:05]} Na5 {[%emt 0:03:12]} 15. Rf2 {[%emt 0:13:07]} Qe7 {[%emt 0:07:03]} 16. Bd2 {[%emt 0:02:30]} Nd7 {[%emt 0:07:07]} 17. Ne3 {[%emt 0:00:22]} Ne5 {[%emt 0:01:56]} 18. f4 {[%emt 0:02:44]} Nd7 {[%emt 0:06:46]} 19. Bd3 {[%emt 0:00:30]} Rae8 {[%emt 0:02:24]} 20. Qf1 {[%emt 0:16:11]} Qd8 {[%emt 0:02:10]} 21. Re1 {[%emt 0:00:38]} exd5 {[%emt 0:02:39]} 22. exd5 {[%emt 0:04:16]} Nf6 {[%emt 0:01:54]} 23. Nf5 {[%emt 0:06:01]} Bc8 {[%emt 0:02:15]} 24. Rfe2 {[%emt 0:01:07]} Bxf5 {[%emt 0:01:04]} 25. Bxf5 {[%emt 0:00:38]} Rxe2 {[%emt 0:00:27]} 26. Qxe2 {[%emt 0:00:39]} Re8 {[%emt 0:01:55]} 27. Qd3 {[%emt 0:01:51]} Re7 {[%emt 0:01:35]} 28. h3 {[%emt 0:02:18]} g6 {[%emt 0:07:05]} 29. Bg4 {[%emt 0:00:11]} Rxe1+ {[%emt 0:04:34]} 30. Bxe1 {[%emt 0:00:05]} Qe8 {[%emt 0:01:19]} 31. Be2 {[%emt 0:01:01]} Ne4 {[%emt 0:01:24]} 32. Bd1 {[%emt 0:00:40]} f5 {[%emt 0:00:45]} 33. Kf1 {[%emt 0:00:11]} g5 {[%emt 0:03:37]} 34. fxg5 {[%emt 0:00:33]} hxg5 {[%emt 0:00:11]} 35. g4 {[%emt 0:01:29]} Qe5 {[%emt 0:03:55]} 36. gxf5 {[%emt 0:00:21]} Qxf5+ {[%emt 0:00:25]} 37. Kg2 {[%emt 0:00:32]} Qh7 {[%emt 0:03:31]} 38. Bc2 {[%emt 0:00:30]} Nf6 {[%emt 0:00:08]} 39. Qe2 {[%emt 0:00:19]} Qd7 {[%emt 0:02:00]} 40. Bg3 {[%emt 0:01:13]} Nb7 {[%emt 0:02:15]} 41. Qe3 {[%emt 0:32:20]} Nh7 {[%emt 0:01:49]} 42. Bg6 {[%emt 0:00:00]} Kg7 {[%emt 0:01:22]} 43. Be8 {[%emt 0:00:00]} Qf5 {[%emt 0:01:47]} 44. Qe7+ {[%emt 0:00:00]} Kh8 {[%emt 0:01:09]} 45. Bh5 {[%emt 0:00:00]} Nf6 {[%emt 0:03:09]} 46. Qf8+ {[%emt 0:00:00]} Kh7 {[%emt 0:00:06]} 47. Qf7+ {[%emt 0:00:00]} Kh6 {[%emt 0:00:36]} 48. Bf3 {[%emt 0:00:00]} g4 {[%emt 0:07:32]} 49. hxg4 {[%emt 0:00:00]} Nxg4 {[%emt 0:05:25]} 50. Bf4+ {[%emt 0:00:00]} 1-0

[Event "22nd Hogeschool Zeeland 2018"]
[Site "Vlissingen"]
[Date "2018.08.06"]
[Round "4"]
[White "Pruijssers, Roeland"]
[Black "Ravi, Teja S"]
[Result "1/2-1/2"]
[WhiteElo "2506"]
[BlackElo "2374"]
[Annotator "ChessBase"]
[PlyCount "51"]
[EventDate "2018.08.04"]
[EventType "swiss"]
[EventCountry "NED"]
[SourceTitle "playchess.com"]
[Source "ChessBase"]
[SourceQuality "1"]
[TimeControl "40/5400+30:1800+30"]

1. e4 {[%emt 0:00:00]} c6 {[%emt 0:00:00]} 2. d4 {[%emt 0:00:00]} d5 {[%emt 0:00:00]} 3. e5 {[%emt 0:00:00]} Bf5 {[%emt 0:00:00]} 4. Nf3 {[%emt 0:00:00]} e6 {[%emt 0:00:00]} 5. Be2 {[%emt 0:00:04]} c5 {[%emt 0:00:05]} 6. Be3 {[%emt 0:00:21]} cxd4 {[%emt 0:00:22]} 7. Nxd4 {[%emt 0:00:08]} Ne7 {[%emt 0:00:03]} 8. Bb5+ {[%emt 0:00:39]} Nbc6 {[%emt 0:04:04]} 9. O-O {[%emt 0:00:22]} Rc8 {[%emt 0:00:33]} 10. Nd2 {[%emt 0:00:39]} a6 {[%emt 0:04:34]} 11. Bxc6+ {[%emt 0:04:39]} bxc6 {[%emt 0:00:12]} 12. b4 {[%emt 0:00:09]} Qc7 {[%emt 0:05:59]} 13. f4 {[%emt 0:13:50]} g5 {[%emt 0:03:37]} 14. N2b3 {[%emt 0:11:09]} Bg6 {[%emt 0:23:00]} 15. Qd2 {[%emt 0:14:43]} gxf4 {[%emt 0:06:00]} 16. Bxf4 {[%emt 0:01:42]} Nf5 {[%emt 0:00:21]} 17. Nxf5 {[%emt 0:12:27]} Bxf5 {[%emt 0:01:00]} 18. Be3 {[%emt 0:00:08]} Rg8 {[%emt 0:07:27]} 19. Bd4 {[%emt 0:00:52]} a5 {[%emt 0:12:00]} 20. a3 {[%emt 0:07:50]} Qb8 {[%emt 0:04:51]} 21. c3 {[%emt 0:19:16]} a4 {[%emt 0:02:06]} 22. Nc5 {[%emt 0:00:03]} Qb5 {[%emt 0:01:09]} 23. Rae1 {[%emt 0:03:20]} Rg6 {[%emt 0:02:12]} 24. Qd1 {[%emt 0:01:32]} Bxc5 {[%emt 0:03:54]} 25. Bxc5 {[%emt 0:00:24]} Qd3 {[%emt 0:01:46]} 26. Qxd3 {[%emt 0:05:38]} 1/2-1/2

[Event "22nd Hogeschool Zeeland 2018"]
[Site "Vlissingen"]
[Date "2018.08.06"]
[Round "4"]
[White "Wan, Yunguo"]
[Black "Iturrizaga Bonelli, Eduardo"]
[Result "1/2-1/2"]
[WhiteElo "2501"]
[BlackElo "2640"]
[Annotator "TA"]
[PlyCount "110"]
[EventDate "2018.08.04"]
[EventType "swiss"]
[EventCountry "NED"]
[SourceTitle "playchess.com"]
[Source "ChessBase"]
[SourceQuality "1"]

{[%evp 16,110,37,30,40,32,42,32,28,27,45,12,36,27,35,8,23,31,31,18,38,42,55,43,62,60,73,68,73,58,77,41,56,48,46,45,59,58,56,49,48,45,37,42,143,95,99,35,37,23,35,34,46,0,0,0,8,0,7,8,7,0,0,-17,-13,-12,-12,-12,-12,-12,-12,-12,-10,-10,-13,-19,-1,-8,0,0,0,0,0,0,0,0,0,0,0,0,0,0,0,0,0,-8,-8]} 1. e4 g6 2. d4 Bg7 3. Nc3 d6 4. Nf3 Nf6 5. h3 O-O 6. Be2 Nc6 7. d5 Nb8 8. O-O c6 9. Re1 {LiveBook: 39 Games} b6 {B08: Pirc Defence: Classical System} 10. Nd4 $146 ({Predecessor:} 10. Bf4 Bb7 11. Qd2 Nbd7 12. a4 a6 13. dxc6 Bxc6 14. Bd3 e5 15. Bh6 Nc5 16. Bxg7 Kxg7 17. b4 Nxd3 18. cxd3 {0-1 (36) Anand,V (2759)-Nakamura,H (2769) Paris 2018}) 10... Bb7 11. Bf3 c5 {White is slightly better.} 12. Nb3 Nbd7 13. g3 a6 14. a4 $1 Qc7 15. Bg2 Rfe8 16. Bf4 e6 17. g4 {[%cal Bg3g4,Bg4g5][%mdl 32]} h5 18. g5 Nh7 19. dxe6 Rxe6 20. Nd5 Bxd5 21. Qxd5 Rae8 22. Rad1 {[%cal Rf4d6]} Ne5 23. Bc1 b5 24. axb5 axb5 25. f4 Nc4 26. c3 $1 Qa7 {next ...Qa4 is good for Black.} 27. Nd2 Nb6 28. Qd3 $1 {[%cal Rd3b5]} c4 29. Qe3 d5 (29... Qc7 $14) 30. Qf2 dxe4 31. Rxe4 (31. Nxe4 $16 Qc7 32. f5 gxf5 33. Qxf5) 31... Qd7 $14 {[#] White must now prevent ...Rxe4.} 32. Rde1 Rxe4 33. Nxe4 Na4 {[%cal Bb6a4,Ba4b2,Bb2d3][%mdl 32]} 34. Rf1 b4 {The position is equal.} 35. cxb4 Bd4 36. Be3 Bxe3 37. Qxe3 {Hoping for Qf2.} Nxb2 38. Qc5 Rc8 39. Qe5 Nd3 40. Qd6 Qxd6 41. Nxd6 Rd8 42. Nxc4 Rd4 43. Rd1 Rxc4 44. Rxd3 {[#] Strongly threatening Rb3.} Rxb4 $11 {[%mdl 4096] Endgame KRB-KRN} 45. Rf3 Nf8 46. f5 Nh7 47. fxg6 fxg6 48. Ra3 Nxg5 49. Rg3 Rb5 50. h4 Nh7 51. Rxg6+ Kf7 52. Rg3 Nf6 53. Bf3 Rb4 54. Kg2 Rxh4 55. Rh3 Rxh3 {Precision: White = 62%, Black = 63%.} 1/2-1/2

[Event "22nd Hogeschool Zeeland 2018"]
[Site "Vlissingen"]
[Date "2018.08.06"]
[Round "4"]
[White "Admiraal, Miguoel"]
[Black "Mehar, Chinna Reddy C H"]
[Result "1/2-1/2"]
[WhiteElo "2479"]
[BlackElo "2345"]
[Annotator "TA"]
[PlyCount "88"]
[EventDate "2018.08.04"]
[EventType "swiss"]
[EventCountry "NED"]
[SourceTitle "playchess.com"]
[Source "ChessBase"]
[SourceQuality "1"]

{[%evp 20,88,22,19,18,0,0,0,19,0,20,0,20,16,20,20,20,20,20,20,20,20,29,29,29,29,35,29,29,37,44,44,44,44,57,44,44,22,34,35,87,0,0,0,0,0,0,0,0,0,0,0,0,0,0,0,0,0,3,0,0,0,0,0,52,0,0,0,64,0,0]} 1. d4 d5 2. Nf3 Nf6 3. Bf4 c5 4. e3 Nc6 5. Nbd2 e6 6. c3 cxd4 7. exd4 {D02: 1 d4 d5 2 Nf3 sidelines, including 2...Nf6 3 g3 and 2...Nf6 3 Bf4} Nh5 8. Be3 g6 (8... Bd6 9. Bd3 Nf4 10. Bxf4 Bxf4 11. g3 Bd6 12. O-O O-O 13. Re1 Bd7 14. h4 h6 {1-0 (44) Caruana,F (2822)-Aronian,L (2767) chess.com INT 2018}) 9. g3 Bd6 10. Bg2 O-O 11. O-O {LiveBook: 3 Games} Ng7 $146 ({Predecessor:} 11... Bd7 12. c4 dxc4 13. Nxc4 Be7 14. Nfe5 Nxe5 15. dxe5 {1-0 (38) Admiraal,M (2453)-Daulyte,D (2439) chess.com INT 2018}) 12. Nb3 Nf5 13. Bd2 a5 14. a4 b6 15. Re1 Ba6 16. Ne5 Qc7 {[%cal Rc6e5]} 17. Bf4 Rae8 18. Nd3 Bxd3 19. Bxd6 Nxd6 20. Qxd3 Nc4 21. Nd2 Nxd2 22. Qxd2 Ne7 23. h4 Nf5 24. Bf1 h5 25. Re5 f6 26. Ree1 Nd6 27. Bd3 Kg7 28. Re2 e5 29. dxe5 fxe5 {[#]} (29... Rxe5 $14 30. Rae1 Nf7) 30. Bxg6 $1 {[%mdl 512]} Kxg6 $11 31. Qg5+ Kh7 32. Qxh5+ Kg8 {Strongly threatening ...Qg7.} 33. Qg6+ Kh8 34. Qh6+ Kg8 35. Qg6+ Kh8 36. Rd1 d4 $1 37. Qh6+ Kg8 38. Qg6+ Kh8 39. Qh5+ Qh7 $1 {[%cal Rh7h5]} 40. Rxe5 Qxh5 41. Rxh5+ Kg7 (41... Kg8 $11) 42. Rg5+ ({White should try} 42. Rxd4 $14 Re1+ 43. Kg2) 42... Kh7 43. Rh5+ ({Much weaker is} 43. Rxd4 Re1+ 44. Kg2 Ne4 $17) 43... Kg7 (43... Kg6 $11 44. Rd5 Ne4) 44. Rg5+ (44. Rxd4 $14 Re1+ 45. Kg2) 44... Kh7 {Precision: White = 85%, Black = 58%.} 1/2-1/2